[Event "Druzynowe Mistrzostwa Polski Juniorow 2019 - II Liga"]
[Site "Szczyrk"]
[Date "1899-12-30"]
[Round "11.111"]
[White "Paschke, Kajetan"]
[Black "Franek, Diana"]
[Result "0-1"]
[WhiteTitle "III"]
[BlackTitle "I"]
[WhiteElo "1000"]
[BlackElo "1318"]

1. e4 e5 2. Nf3 Nc6 3. Bc4 Bc5 4. d3 h6 5. Nc3 d6 6. h3 Nf6 7. Na4 Bb6 8. Nxb6
axb6 9. a3 Be6 10. Bxe6 fxe6 11. O-O O-O 12. Re1 Qe8 13. c3 Nh5 14. Be3 Nf4 15.
Bxf4 Rxf4 16. d4 exd4 17. cxd4 e5 18. dxe5 Nxe5 19. Qd5+ Qf7 20. Qxf7+ Nxf7 21.
Rac1 c6 22. Rcd1 Re8 23. Nd2 b5 24. f3 Rf6 25. Nb3 Ne5 26. Kf2 Nc4 27. Re2 Kf7
28. Nd4 g6 29. Nc2 Nxb2 30. Rd4 Na4 31. Ne3 h5 32. g4 Nc3 33. Red2 Nxe4+ 34. Ke2
Nxd2 35. Kxd2 Rfe6 36. gxh5 Rxe3 37. hxg6+ Kxg6 38. Rg4+ Kf5 39. h4 Rxf3 40. Rg7
Rh3 41. Rxb7 Rg8 42. Rf7+ Ke6 43. Rc7 Rg2+ 44. Ke1 Rh1# 0-1

[Event "Druzynowe Mistrzostwa Polski Juniorow 2019 - II Liga"]
[Site "Szczyrk"]
[Date "1899-12-30"]
[Round "11.112"]
[White "Rosinski, Filip"]
[Black "Kisiel, Dominik"]
[Result "1-0"]
[WhiteTitle "II"]
[BlackTitle "II"]
[WhiteElo "1375"]
[BlackElo "1061"]

1. e4 c5 2. Nf3 d6 3. d4 cxd4 4. Nxd4 Nf6 5. Nc3 g6 6. Be3 Bg7 7. f3 O-O 8. Qd2
Bd7 9. Bh6 Nc6 10. Nb3 Rc8 11. Bxg7 Kxg7 12. g4 a6 13. h4 Ne5 14. Be2 Qb6 15.
h5 Kg8 16. hxg6 fxg6 17. Qh6 Rf7 18. O-O-O a5 19. Nd5 Nxd5 20. exd5 Qc7 21. Rd2
Nc4 22. Bxc4 Qxc4 23. Kb1 a4 24. Nc1 Qb5 25. Rh4 a3 26. b3 Qc5 27. Ne2 Bb5 28.
c4 Bxc4 29. bxc4 Qxc4 30. Qe3 Qb4+ 31. Ka1 Rxf3 32. Qe6+ Kg7 33. Qxe7+ Rf7 34.
Rxh7+ Kxh7 35. Qxf7+ Kh6 36. g5+ Kxg5 37. Qe7+ Kh6 38. Qe3+ Kg7 39. Qd4+ Qxd4+
40. Rxd4 Rc2 41. Re4 Rd2 42. Nc3 Rd3 43. Rc4 b5 44. Rc7+ Kh6 45. Nb1 Rxd5 46.
Nxa3 g5 47. Rb7 g4 48. Rxb5 Rxb5 49. Nxb5 g3 50. Nd4 g2 51. Ne2 Kg5 52. Kb2 d5
53. a4 Kf5 54. Kc3 Ke4 55. Kd2 d4 56. Ng1 Kf4 57. a5 Kg3 58. a6 Kf2 59. Ne2 Kf3
60. a7 Ke4 61. a8=Q+ 1-0

[Event "Druzynowe Mistrzostwa Polski Juniorow 2019 - II Liga"]
[Site "Szczyrk"]
[Date "1899-12-30"]
[Round "11.113"]
[White "Kicinska, Magdalena"]
[Black "Piotrowska, Florentyna"]
[Result "1-0"]
[WhiteTitle "I"]
[BlackTitle "I"]
[WhiteElo "1012"]
[BlackElo "1278"]

1. d4 d5 2. Nf3 Bf5 3. c3 c6 4. Bf4 Qb6 5. Qb3 Qxb3 6. axb3 Nd7 7. e3 e6 8. Be2
h6 9. O-O Ngf6 10. Nbd2 Nh5 11. Be5 Nhf6 12. b4 Be7 13. Nb3 O-O 14. Nc5 Nxc5 15.
bxc5 Nd7 16. Rfd1 Bg4 17. Bg3 f6 18. h3 Bxf3 19. Bxf3 e5 20. Re1 e4 21. Be2 Kh7
22. f3 f5 23. fxe4 fxe4 24. Rf1 Rxf1+ 25. Rxf1 Nf6 26. b4 Bd8 27. Be5 Be7 28.
b5 Re8 29. bxc6 bxc6 30. Rb1 Nd7 31. Bf4 g5 32. Bg3 a5 33. Rb7 Nf8 34. Bd6 Ng6
35. Bh5 Kg7 36. Bxg6 Kxg6 37. Bxe7 Ra8 38. Rb2 a4 39. Bd6 a3 40. Ra2 Kf5 41. Bg3
Ra4 42. Be1 g4 43. Bd2 gxh3 44. gxh3 Kg5 45. Kg2 h5 46. Bc1 Kf5 47. Rxa3 Rxa3
48. Bxa3 Kg5 49. Bb4 Kf5 50. Ba5 1-0

[Event "Druzynowe Mistrzostwa Polski Juniorow 2019 - II Liga"]
[Site "Szczyrk"]
[Date "1899-12-30"]
[Round "11.114"]
[White "Jedrzejewska, Zuzanna"]
[Black "Kicinska, Anna"]
[Result "1-0"]
[WhiteTitle "I"]
[BlackTitle "I"]
[WhiteElo "1189"]
[BlackElo "1000"]

1. e4 d5 2. exd5 Qxd5 3. Nc3 Qa5 4. b4 Qb6 5. a3 c6 6. Nf3 Nf6 7. Be2 Bg4 8. O-O
Bxf3 9. Bxf3 e6 10. Bb2 Bd6 11. Ne4 Nxe4 12. Bxe4 O-O 13. Bxg7 Kxg7 14. Qg4+ Kf6
15. Qh4+ Ke5 16. Qg3+ Kxe4 17. Rfe1+ Kd5 18. Qd3+ Qd4 19. c4# 1-0

[Event "Druzynowe Mistrzostwa Polski Juniorow 2019 - II Liga"]
[Site "Szczyrk"]
[Date "1899-12-30"]
[Round "11.115"]
[White "Gazda, Dominik"]
[Black "Kocierz, Pawel"]
[Result "1-0"]
[WhiteTitle "I"]
[BlackTitle "II"]
[WhiteElo "1624"]
[BlackElo "1309"]

1. e4 c5 2. Nf3 g6 3. c4 Bg7 4. d4 cxd4 5. Nxd4 Nc6 6. Be3 Nf6 7. Nc3 O-O 8. Be2
Qc7 9. O-O d6 10. Rc1 Nxd4 11. Bxd4 Be6 12. b3 a6 13. Qd2 Rac8 14. f3 Qd7 15.
Rfd1 Rfd8 16. Bb6 Re8 17. Be3 Red8 18. Na4 Rc6 19. Qb4 Qc8 20. Nb6 Qb8 21. e5
dxe5 22. Qxe7 Re8 23. Qb4 Bf8 24. Qe1 Bc5 25. Bxc5 Rxc5 26. Qh4 Kg7 27. a3 Rc6
28. Na4 Rd8 29. b4 Rcd6 30. Rxd6 Rxd6 31. Nc5 Bc8 32. Qg5 h6 33. Qe3 b6 34. Nd3
Re6 35. c5 bxc5 36. Nxc5 Rc6 37. Rd1 Rd6 38. Rxd6 Qxd6 39. Qd3 Qb6 40. Kf1 a5
41. Qc3 axb4 42. axb4 Qd6 43. Nd3 Ba6 44. Qxe5 Qxe5 45. Nxe5 Bxe2+ 46. Kxe2 Nd5
47. Nc6 Kf6 48. g3 Ke6 49. f4 f6 50. Nd4+ Kd6 51. Nc2 Kc6 52. Kd3 Kb5 53. Kd4
Ne7 54. Ne3 Kc6 55. Kc4 f5 56. b5+ Kd6 57. Kd4 g5 58. Nc4+ Ke6 59. Kc5 Ng6 60.
b6 Kd7 61. Ne5+ Nxe5 62. fxe5 f4 63. gxf4 gxf4 64. Kd4 1-0

[Event "Druzynowe Mistrzostwa Polski Juniorow 2019 - II Liga"]
[Site "Szczyrk"]
[Date "1899-12-30"]
[Round "11.116"]
[White "Rzasa, Michal"]
[Black "Guzik, Kacper"]
[Result "1/2-1/2"]
[WhiteTitle "III"]
[BlackTitle "II"]
[WhiteElo "1347"]
[BlackElo "1350"]

1. e4 c5 2. c3 e6 3. d4 cxd4 4. cxd4 d5 5. e5 Bb4+ 6. Bd2 Bxd2+ 7. Qxd2 a6 8. Nf3
b5 9. Be2 Ne7 10. Na3 O-O 11. Nc2 Bb7 12. O-O Nd7 13. Nb4 Nb6 14. b3 Rc8 15. Nd3
Nd7 16. Rfc1 Qb6 17. b4 Qa7 18. Nc5 Nb6 19. a4 Nc4 20. Bxc4 bxc4 21. b5 Rfd8 22.
Rcb1 Ra8 23. a5 axb5 24. Rxb5 Bc6 25. Rb6 Qxb6 26. axb6 Rxa1+ 27. Ne1 Rb1 28.
g4 Rxb6 29. Kg2 Rdb8 30. Nf3 Ng6 31. Kg3 Nf8 32. h4 Nd7 33. Nxd7 Bxd7 34. h5 Rb2
35. Qg5 c3 36. h6 g6 37. Qf6 Kf8 38. Qh8+ Ke7 39. Qf6+ Ke8 1/2-1/2

[Event "Druzynowe Mistrzostwa Polski Juniorow 2019 - II Liga"]
[Site "Szczyrk"]
[Date "1899-12-30"]
[Round "11.117"]
[White "Guzik, Michal"]
[Black "Czak, Dominik"]
[Result "0-1"]
[WhiteTitle "II"]
[BlackTitle "III"]
[WhiteElo "1084"]
[BlackElo "1297"]

1. e4 c6 2. d4 d5 3. exd5 cxd5 4. c4 e6 5. Nc3 Bb4 6. Nf3 Nc6 7. a3 Be7 8. Bf4
a6 9. c5 Nf6 10. Bd3 O-O 11. O-O Nh5 12. Be3 Nf6 13. Bc2 Nd7 14. Qd3 g6 15. Bh6
Re8 16. b4 Bf6 17. b5 Na5 18. a4 Nc4 19. Bb3 Na5 20. Ba2 e5 21. dxe5 Nxe5 22.
Nxe5 Bxe5 23. Rae1 Bf5 24. Qxd5 Qxd5 25. Nxd5 Bd3 26. f4 Bd4+ 27. Kh1 Bxf1 28.
Rxf1 Re2 29. Bb1 Rae8 30. h3 Re1 31. Rxe1 Rxe1+ 32. Kh2 Rxb1 33. Ne7+ Kh8 34.
c6 bxc6 35. bxc6 Rc1 36. f5 Nxc6 0-1

[Event "Druzynowe Mistrzostwa Polski Juniorow 2019 - II Liga"]
[Site "Szczyrk"]
[Date "1899-12-30"]
[Round "11.118"]
[White "Galla, Wiktor"]
[Black "Mansz, Martyna"]
[Result "1-0"]
[WhiteTitle "III"]
[BlackTitle "I"]
[WhiteElo "1000"]
[BlackElo "1091"]

1. e4 e5 2. Nf3 Nf6 3. Bc4 Nxe4 4. Nc3 Nxc3 5. dxc3 Bc5 6. Ng5 O-O 7. Qh5 h6 8.
Bxf7+ Kh8 9. Qg6 Bxf2+ 10. Kd1 Qxg5 11. Bxg5 d6 12. Bxh6 Bg4+ 13. Qxg4 Rxf7 14.
Bd2 Nc6 15. Qh5+ Kg8 16. Rf1 1-0

[Event "Druzynowe Mistrzostwa Polski Juniorow 2019 - II Liga"]
[Site "Szczyrk"]
[Date "1899-12-30"]
[Round "11.119"]
[White "Wojtas, Emilia"]
[Black "Trusz, Julia"]
[Result "1/2-1/2"]
[WhiteTitle "II"]
[BlackTitle "I+"]
[WhiteElo "1088"]
[BlackElo "1649"]

1. d4 Nf6 2. Bf4 d5 3. e3 e6 4. c4 c6 5. Qb3 Be7 6. Nf3 O-O 7. Nc3 Nbd7 8. Bd3
Re8 9. e4 dxe4 10. Nxe4 Nxe4 11. Bxe4 Bf6 12. Qd3 h6 13. O-O Be7 14. Ne5 Nxe5
15. Bxe5 Bf6 16. f4 Qe7 17. Rad1 Bd7 18. Kh1 Rad8 19. Qc2 Bc8 20. c5 Bxe5 21.
fxe5 Rd7 22. Bh7+ Kh8 23. Rf4 Red8 24. h3 Qe8 25. Rdf1 g6 26. Bxg6 fxg6 27. Rf8+
Qxf8 28. Rxf8+ Rxf8 29. Qxg6 Rh7 30. Kg1 Bd7 31. g3 Bc8 32. Kg2 Bd7 33. Kg1 Bc8
34. Kg2 Bd7 35. Kg1 Bc8 36. Kg2 Bd7 37. Kg1 Re8 1/2-1/2

[Event "Druzynowe Mistrzostwa Polski Juniorow 2019 - II Liga"]
[Site "Szczyrk"]
[Date "1899-12-30"]
[Round "11.120"]
[White "Pietrzak, Emilia"]
[Black "Uliasz, Katarzyna"]
[Result "1/2-1/2"]
[WhiteTitle "I"]
[BlackTitle "I"]
[WhiteElo "1320"]
[BlackElo "1333"]

1. e4 c5 2. Nf3 d6 3. Bb5+ Nd7 4. d4 cxd4 5. Qxd4 a6 6. Bxd7+ Bxd7 7. O-O e5 8.
Qe3 Rc8 9. Nc3 Nf6 10. Qd3 h6 11. Be3 Bc6 12. Rfd1 b5 13. b4 Qc7 14. Nh4 g6 15.
Bd2 Be7 16. a3 Nxe4 17. Nxe4 d5 18. Nc5 Bxh4 19. Nxa6 Qe7 20. Nc5 f5 21. Re1 e4
22. Qe2 Bf6 23. c3 Bg7 24. Rac1 O-O 25. Be3 f4 26. Bd4 f3 27. gxf3 Qg5+ 28. Kh1
exf3 29. Qf1 Bxd4 30. cxd4 Rfe8 31. Qg1 Qf6 32. Qg3 Kh7 33. Rcd1 Re2 34. Rxe2
fxe2 35. Re1 Qxd4 36. Qf3 Re8 37. Kg2 Re7 38. Rxe2 Qg7 1/2-1/2